Normal view
MARC view
- العلاقات الدولية -- البلدان النامية
Entry Topical Term
001 - CONTROL NUMBER
- control field: 47517
003 - CONTROL NUMBER IDENTIFIER
- control field: JO-AjAnu
005 - DATE AND TIME OF LATEST TRANSACTION
- control field: 20230606081838.0
008 - FIXED-LENGTH DATA ELEMENTS
- fixed length control field: 230606|| aca||aabn | a|a d
040 ## - CATALOGING SOURCE
- Original cataloging agency: JO-AjAnu
- Transcribing agency: JO-AjAnu
150 ## - HEADING--TOPICAL TERM
- Topical term or geographic name entry element: العلاقات الدولية -- البلدان النامية
670 ## - SOURCE DATA FOUND
- Source citation: Work cat.: (JO-AjAnu)24316: نوفل ، احمد سعيد ، محي الدين المصري وآخرون ، تحرير واعداد وتقديم بدران ، ابراهيم ، عبد الخالق ، غسان , author 47516, الآفاق المستقبلية للعلاقات العربية العربية